Vista normal
Vista MARC
Entrada Nombre de reunión
Número de registros utilizados en: 1
001 - NÚMERO DE CONTROL
- Campo de control: 859
003 - IDENTIFICADOR DE NÚMERO DE CONTROL
- Campo de control: ES-MaCES
005 - FECHA Y HORA DE LA ULTIMA MODIFICACION
- Campo de control: 20040317130600.0
008 - ELEMENTOS DE DATOS DE LONGITUD FIJA
- Campo de longitud fija: 040317 | azznnaabn || ana d
035 ## - NÚMERO DE CONTROL DEL SISTEMA
- Número de control del sistema: CES20040000178c
040 ## - FUENTE DE LA CATALOGACIÓN
- Agencia original de catalogación: ES-MaCES
- Idioma de catalogación: spa
- Agencia de transcripción: ES-MaCES
111 2# - ENCABEZAMIENTO--NOMBRE DE REUNIÓN
- Nombre de reunión o jurisdicción como elemento de entrada: Congreso Ibérico sobre Aterros Sanitarios
- Número de parte/sección/reunión: 1º
- Fecha de reunión: 2004
- Lugar de la reunión: Madrid
511 2# - TRAZADO VEÁSE ADEMÁS--NOMBRE DE REUNIÓN
- Nombre de reunión o jurisdicción como elemento de entrada: Congreso Ibérico sobre Vertederos
- Número de parte/sección/reunión: 1º
- Fecha de reunión: 2004
- Lugar de reunión: Madrid
670 ## - FUENTE DE DATOS ENCONTRADOS
- Fuente de citación: CD del CES
901 ## - CES. DATOS SIRTEX
- ID Sirtex (N5N8): 0002400000943
- 005BIS Sirtex: 200403171306ITORREIR

